Candy Puns in Holy Musical B@man! Quiz Stats

Quiz not verified by Sporcle

Challenge
Share
Tweet
Embed
Score 0/36 Timer 10:00
0 Plays Today
Quote Candy % Correct
Looks like you guys are up to your old ___!Twix
93%
The Joker was a ___!Sucker
72.6%
Alright, what are you all planning to do this time? Kidnap the mayor and ransom him off for ___?100 Grand
70.6%
Yes, yes, yes. Now quit you're ___ing,Snicker
66.9%
Should we kill him ___?Now Or Later
66.3%
My nuclear ___!Warhead
65.6%
(contined) but together we pack a ___!Sour Punch
64.5%
Oh, come on, Batman! Gimme a ___! (slogan)Break
56.8%
See, divided we rogues are just ___,Runts
56%
Yes, it's been quite a ___, hasn't it?Spree
54.9%
It felt like...a ___.Kiss
54.6%
(continued) you ___!Airheads
51.3%
And if we ever want it to be ___...Payday
50.3%
Oh, you're not going anywhere, Ms Dawes. ___!Gobstopper
49.9%
Yeah...and he's my ___!Sweet Tart
47.3%
Oh, ___ me this.Skittle
47%
..and shows up at Gotham Square to save his little ___!Nerd
46.2%
Oops! ___!Butterfingers
45.5%
Quote Candy % Correct
Oh, aren't you a ___?Smartie
44.4%
She's my little ___!Sugar Baby
44.3%
Candy, be a ___...Dove
43.3%
I've got one last treat for you, Batman! And It's a real ___!Whopper
43.2%
___ good plan!Godiva
42.2%
My ___ wonder...Almond Joy
41.7%
Sorry, Batman, but I'm no ___!Gusher
39.9%
I've devised a little...mmm...oh, ___!Whatchamacallit
37.8%
It's gonna be a ___ in the old town tonight!Hot Tamale
35.2%
Hey, hey! What are these little ___?Dots
32.7%
Hand me my ___!Bazooka Joe
31.9%
I'm gonna ___ you in two!Crunch
30.7%
That's the sound of chaos, ___!Good and Plenty
27.5%
Oh, it's going to be quite the ___!Fun Dip
26.1%
___, boys!Take Five
25%
Now he's ___!Red Hot
23.4%
I have plans for this little ___!Chiclet
22.4%
He risks his life trying to be Robin's ___...Livesaver
14.2%

You're not logged in!

Compare scores with friends on all Sporcle quizzes.
Sign Up with Email
OR
Log In

You Might Also Like...

Show Comments

Extras

Top Quizzes Today


Score Distribution

Your Account Isn't Verified!

In order to create a playlist on Sporcle, you need to verify the email address you used during registration. Go to your Sporcle Settings to finish the process.